000 01070nam a2200253Ia 4500
003 OSt
005 20220923225204.0
006 a|||||r|||| 00| 0
007 ta
008 220922b |||||||| |||| 00| 0 hin d
024 _a259,520
037 _cTextual
040 _aARTS
_cARTS
_bhin
041 _2hin
_ahin
082 _aO152,1(/\25):g, N3
100 _aबेदी, हरमहेन्द्र सिंह
245 0 _aगुरूमुखी लिपि मे उपलब्ध हिन्दी भक्ति साहित्य का आलोचनात्मक अध्ययन
246 _aGurūmukhī lipi me upalabdha hindī bhakti sāhitya kā ālochanātmak adhyayana
260 _aअमृतसर
_b गुरू नानक देव यूनिवर्सिटी
_c1993
300 _a346पृ.
_ccm.
650 _aहिन्दी साहित्य
_9156264
942 _hO152,1(/\25):g, N3
_cTEXL
_2CC
999 _c376611
_d376611